ATLAS ON X-RAY & ANGIOGRAPHIC ANATOMY (Record no. 800972)

MARC details
000 -LEADER
fixed length control field 00390pam a2200157 a 4500
020 ## - INTERNATIONAL STANDARD BOOK NUMBER
International Standard Book Number 9789350904329
Terms of availability
041 ## - LANGUAGE CODE
Language code of original
082 ## - DEWEY DECIMAL CLASSIFICATION NUMBER
Classification number 616.1
Item number SIN / SHE
100 ## - MAIN ENTRY--PERSONAL NAME
Personal name SINGH E.,SHEIK P.
245 ## - TITLE STATEMENT
Title ATLAS ON X-RAY & ANGIOGRAPHIC ANATOMY
Medium Textual Documents
250 ## - EDITION STATEMENT
Edition statement 1.
260 ## - PUBLICATION, DISTRIBUTION, ETC.
Name of publisher, distributor, etc. JAYPEE BROTHERS MEDICAL PUB.
Date of publication, distribution, etc. 2013
300 ## - PHYSICAL DESCRIPTION
Extent 147:
Dimensions PB.
650 ## - SUBJECT ADDED ENTRY--TOPICAL TERM
Topical term or geographic name entry element CARDIOLOGY
930 ## - EQUIVALENCE OR CROSS-REFERENCE-UNIFORM TITLE HEADING [LOCAL, CANADA]
Uniform title 6445
Holdings
Withdrawn status Lost status Damaged status Not for loan Collection Home library Current library Date acquired Source of acquisition Cost, normal purchase price Total Checkouts Full call number Barcode Date last seen Copy number Price effective from Koha item type
          Medical College & Hospital, Sangli Medical College & Hospital, Sangli 05/12/2014 B.M.S.G.B.PUNE 795.00   616.1 SIN / SHE MCS-11889 26/07/2023 2 26/07/2023 Book
          Medical College & Hospital, Sangli Medical College & Hospital, Sangli 05/12/2014 B.M.S.G.B.PUNE 795.00   616.1 SIN / SHE MCS-11888 26/07/2023 1 26/07/2023 Book